Ekologická distribúcia ako súčasť spoločensky zodpovedného podnikania firiem bakalárska práca

Salvato in:
Dettagli Bibliografici
Autore principale: Ološtiak, Rastislav
Ente Autore: Obchodná fakulta EU. Katedra marketingu
Altri autori: Vernerová, Dominika, 1994-
Natura: Libro
Lingua:slovacco
Pubblicazione: Bratislava 2022
Tags: Aggiungi Tag
Nessun Tag, puoi essere il primo ad aggiungerne!!

MARC

LEADER 00000nbm a2200000 4500
001 0285927
005 20221128132648.7
041 0 |a slo 
044 |a SK 
245 1 0 |a Ekologická distribúcia ako súčasť spoločensky zodpovedného podnikania firiem  |b bakalárska práca  |c Rastislav Ološtiak ; školiteľ: Dominika Vernerová 
264 1 |a Bratislava  |c 2022 
300 |a 59 s. 
100 1 |a Ološtiak, Rastislav 
700 1 |a Vernerová, Dominika, 1994- 
710 2 |a Obchodná fakulta EU. Katedra marketingu